Current NFL RBs' Colleges - Statistics

General Stats
  • This quiz has been taken 1,945 times
    874 since last reset
  • The average score is 29 of 64
Answer Stats
NFL Team RB College % Correct
49ers Christian McCaffrey Stanford
96%
Browns Quinshon Judkins Ohio State
87%
Eagles Saquan Barkley Penn State
84%
Ravens Derrick Henry Alabama
83%
Raiders Ashton Jeanty Boise State
83%
Falcons Bijan Robinson Texas
82%
Lions Jahmyr Gibbs Alabama
80%
Patriots TreVeyon Henderson Ohio State
79%
Jaguars Travis Etienne Jr. Clemson
77%
Chargers Omarion Hampton North Carolina
76%
Packers Josh Jacobs Alabama
74%
Rams Blake Corum Michigan
74%
Colts Jonathan Taylor Wisconsin
74%
Seahawks Kenneth Walker III Michigan State
73%
Texans Nick Chubb Georgia
69%
Bears D'Andre Swift Georgia
68%
Bills James Cook Georgia
66%
Jets Breece Hall Iowa State
66%
Buccaneers Bucky Irving Oregon
65%
Broncos JK Dobbins Ohio State
63%
Saints Alvin Kamara Tennessee
63%
Chiefs Isiah Pacheco Rutgers
59%
49ers Brian Robinson Jr. Alabama
56%
Bears Kyle Monangai Rutgers
56%
Dolphins De'Von Achane Texas A&M
52%
Broncos RJ Harvey UCF
52%
Browns Dylan Sampson Tennessee
51%
Rams Kyren Williams Notre Dame
46%
Cowboys Javonte Williams North Carolina
45%
Panthers Chubba Hubbard Oklahoma State
44%
Seahawks Zach Charbonnet UCLA
44%
Bengals Samaje Perine Oklahoma
42%
Chiefs Kareem Hunt Toledo
40%
Lions David Montgomery Iowa State
39%
Bengals Chase Brown Illinois
38%
Saints Devin Neal Kansas
37%
Vikings Aaron Jones Sr. UTEP
37%
Eagles Tank Bigsby Auburn
33%
Commanders Jacory Croskey-Merritt Arizona
31%
Falcons Tyler Allgier BYU
31%
Bills Ray Davis Kentucky
30%
Cardinals Michael Carter North Carolina
30%
Patriots Rhamondre Stevenson Oklahoma
29%
Giants Tyrone Tracy Jr. Purdue
29%
Dolphins Jaylen Wright Tennessee
29%
Titans Tyjae Spears Tulane
29%
Texans Woody Marks USC
29%
Titans Tony Pollard Memphis
28%
Jaguars Bayshul Tuten Virginia Tech
26%
Buccaneers Rachaad White Arizona State
22%
Giants Devin Singletary Florida Atlantic
20%
Colts DJ Giddens Kansas State
20%
Steelers Kenneth Gainwell Memphis
18%
Raiders Raheem Mostert Purdue
18%
Panthers Rico Dowdel South Carolina
18%
Commanders Chris Rodriguez Jr. Kentucky
17%
Steelers Jaylen Warren Oklahoma State
17%
Chargers Kimani Vidal Troy
15%
Ravens Keaton Mitchell East Carolina
13%
Cardinals Bam Knight NC State
10%
Vikings Jordan Mason Georgia Tech
9%
Jets Isaiah Davis South Dakota State
9%
Cowboys Malik Davis Florida
5%
Packers Emanuel Wilson Fort Valley
3%
No matching quizzes found
Score Distribution
Percent of People with Each Score
Percentile by Number Answered
Your Score History
You have not taken this quiz since the last reset